000 00561nam a2200229 a 4500
001 nice12345678
003 IN_TiNIC
005 20260116013322.0
008 050524s1990 dela grp 000 0 urd
020 _a8185107
_c80
082 0 0 _a891.4393
_bCHU
100 _aChughtai, Ismat
245 _aQuilt and Other Stories
260 _aDelhi
_bKali for Women
_c1990
300 _a224p
500 _aincludes index and biblioraphy
505 2 _aLegal Aid Handbook 1
650 _aUrdu-Fiction
902 _bSRS
942 _cBK
999 _c10538
_d10538